Countries by Tallest Lighthouse - Statistics

General Stats
  • This quiz has been taken 55 times
  • The average score is 7 of 10
Answer Stats
Lighthouse Height (metres) Country % Correct
Statue of Liberty 93 United States
98%
Mulantou Lighthouse 72 China
93%
Yokohama Marine Tower 101 Japan
89%
Île Vierge Lighthouse 82.5 France
87%
Lesnoy Mole Rear Range Light 73 Russia
85%
Lighthouse of Genoa 76 Italy
74%
Campen Lighthouse | Świnoujście Lighthouse 65 Germany | Poland
63%
Palacio Barolo 100 Argentina
48%
Jeddah Light 131 Saudi Arabia
39%
Maasvlakte Light 66 Netherlands
35%
No matching quizzes found
Score Distribution
Percent of People with Each Score
Percentile by Number Answered
Your Score History
You have not taken this quiz